| 000 | 00358nam a2200133Ia 4500 | ||
|---|---|---|---|
| 008 | 240624s9999 xx 000 0 und d | ||
| 041 | _aeng | ||
| 082 | _a346.066 RAM | ||
| 100 | _aRAMACHANDRA K | ||
| 245 | _aLEGAL ASPECTS OF BUSINESS TEXT AND CASES | ||
| 260 |
_c2010 _aMumbai _bHimalaya Publishing House |
||
| 300 | _a496 : p. : cm. ; 28 | ||
| 365 |
_cRS _b30 |
||
| 999 |
_c19540 _d19540 |
||